00433nam a2200145 4500001000700000003000900007007000300016008004100019100002600060245009400086260003700180300002600217700002300243852002100266127547ES-MaACLt|070214s1918 fr r ||||1| fre d1 aRistelhueber, René.10aTraditions françaises au Liban / cRené Ristelhueber ; préface de Gabriel Hanotaux. aParis : bFélix Alcan, c1918. aXI, 314 p. ; c23 cm.1 aHanotaux, Gabriel. aES-MaACLjG-4988